Top 50 -- Largest City With 4 Letters or Less in Each Country - Statistics

General Stats
  • This quiz has been taken 109 times
  • The average score is 25 of 50
Answer Stats
# Population Country Answer % Correct
2 12,000,000 Peru Lima
100%
6 3,475,000 Ukraine Kiev
99%
7 3,425,000 Italy Rome
99%
5 3,725,000 Azerbaijan Baku
98%
10 2,650,000 Qatar Doha
96%
14 2,050,000 France Lyon
96%
18 1,270,000 Norway Oslo
96%
13 2,275,000 Palestine Gaza
91%
26 620,974 Latvia Riga
89%
31 433,984 Switzerland Bern
88%
1 13,400,000 China Xī'ān
87%
11 2,625,000 Togo Lomé
84%
17 1,310,000 Morocco Fes
79%
32 398,510 Czech Republic Brno
77%
8 2,975,000 Colombia Cali
74%
4 5,350,000 Nigeria Kano
74%
3 8,000,000 India Pune
71%
35 367,686 Austria Graz
70%
15 1,640,000 Algeria Oran
68%
27 588,938 Yemen Aden
66%
48 267,623 East Timor Dili
66%
9 2,800,000 Philippines Cebu
65%
25 652,015 Poland Łódź
61%
16 1,450,000 Iran Qom
54%
20 1,230,000 Russia Ufa
50%
12 2,300,000 Mexico León
48%
45 286,636 Tunisia Sfax
48%
23 716,458 Egypt Suez
45%
37 326,200 Germany Kiel
43%
39 319,253 Spain Vigo
40%
24 652,609 Syria Homs
35%
46 271,692 Romania Iași
32%
30 446,529 United States Reno
32%
40 315,881 Kyrgyzstan Osh
30%
21 1,010,000 DR Congo Goma
27%
19 1,250,000 Japan Naha
22%
34 382,296 South Korea Jeju
21%
44 290,000 Equatorial Guinea Bata
18%
22 845,003 Malaysia Ipoh
17%
28 563,282 Saudi Arabia Ta'if
16%
36 351,456 Vietnam Hue
11%
29 470,878 Oman Seeb
11%
50 253,773 Kazakhstan Oral
10%
49 254,424 Myanmar Bago
6%
33 389,376 Iraq Kut
6%
43 307,338 Mozambique Tete
6%
38 322,531 Angola Uíge
4%
41 314,686 Brazil Itu - Salto
1%
42 310,168 Indonesia Palu
1%
47 270,400 Ethiopia Dese
0%
No matching quizzes found
Score Distribution
Percent of People with Each Score
Percentile by Number Answered
Your Score History
You have not taken this quiz